|
|
|
|
| LEADER |
00000nam a2200000 a 4500 |
| 001 |
vtls001350531 |
| 003 |
SK-MaSNL |
| 005 |
20260302000110.0 |
| 008 |
171129s1996 xr f 00000 cze |
| 020 |
|
|
|a 8071841641
|q (viaz. : 1. sv.)
|
| 020 |
|
|
|a 8071843113
|q (soubor)
|
| 035 |
|
|
|a SNK000303867
|
| 040 |
|
|
|a SNK
|b slo
|c SNK
|e AACR2
|
| 041 |
0 |
|
|a cze
|
| 044 |
|
|
|a xr
|c CZ
|
| 072 |
|
7 |
|a 316
|x Sociológia
|2 konspekt
|
| 072 |
|
7 |
|a 81
|x Lingvistika. Jazyky
|2 konspekt
|
| 080 |
|
|
|a 316
|2 2001
|
| 080 |
|
|
|a 81`373.46
|2 2001
|
| 080 |
|
|
|a (038.072)
|2 2001
|
| 245 |
0 |
0 |
|a Velký sociologický slovník
|n I, A/O
|c [za kolektiv Hana Maříková, Miloslav Petrusek, Alena Vodáková]
|
| 250 |
|
|
|a 1. vyd.
|
| 260 |
|
|
|a Praha
|b Karolinum
|c 1996
|
| 300 |
|
|
|a 747 s.
|c 28 cm
|
| 500 |
|
|
|a Vydavateľstvo Univerzity Karlovy, Praha
|
| 650 |
0 |
7 |
|a sociológia
|2 SNKPH
|9 1010
|
| 650 |
0 |
7 |
|a odborná terminológia
|2 SNKPH
|9 3616
|
| 655 |
|
7 |
|a výkladové slovníky
|2 SNKPH
|9 69007
|
| 700 |
1 |
|
|a Maříková, Hana
|4 red
|9 580515
|
| 700 |
1 |
|
|a Petrusek, Miloslav,
|d 1936-2012
|4 red
|9 158318
|
| 700 |
1 |
|
|a Vodáková, Alena,
|d 1938-
|4 red
|9 81489
|
| 919 |
|
|
|a 80-7184-164-1
|
| 919 |
|
|
|a 80-7184-311-3
|
| 999 |
|
|
|c 978005
|d 979935
|
| 952 |
|
|
|t snkVEL/1 316(031)
|a SNKUST
|b SNKUST
|y PREZ
|7 0
|p 17A0160900
|o snkIB 72566/1
|i snk2012/6055
|8 5
|0 0
|1 0
|4 0
|d 1998-12-09
|l 0
|r 2025-04-29 00:00:00
|w 2026-02-24
|